000 01253nam a2200253Ia 4500
999 _c55209
_d55209
001 22284
003 GE_BSU
005 20230224165712.0
008 181216s ||||ge |||||||||||||| ||geo||
020 _a978-9941-401-99-2
040 _cGE_BSU
041 _ageo
080 _a811.124-8(075) ჩ-77
100 _aჩოთალიშვილი, ლელა
_915594
245 _aლათინური ენა ბიოლოგებისათვის /
_cლელა ჩოთალიშვილი ; რედაქტორი იამზე გაგუა.
264 _aთბილისი :
_bლოგოსი,
_c2011.
300 _a136 გვ. ;
_c20 სმ.
490 _aპროგრამა "ლოგოსი"
500 _aპუბლიკაციები და ღონისძიებები კლასიკური ფილოლოგიის, ბიზანტინისტიკისა და ნეოგრეცისტიკის სფეროში
541 _h6 ლ.
653 _aლათინური ენა ბიოლოგებისათვის
700 _aგაგუა, იამზე
_eრედაქტორი
_917041
942 _cBK
_2udc